<?xml version="1.0" encoding="UTF-8"?><?xml-stylesheet type="text/xsl" href="static/style.xsl"?><OAI-PMH xmlns="http://www.openarchives.org/OAI/2.0/" xmlns:xsi="http://www.w3.org/2001/XMLSchema-instance" xsi:schemaLocation="http://www.openarchives.org/OAI/2.0/ http://www.openarchives.org/OAI/2.0/OAI-PMH.xsd"><responseDate>2026-04-27T14:36:47Z</responseDate><request verb="GetRecord" identifier="oai:uvadoc.uva.es:10324/1993" metadataPrefix="marc">https://uvadoc.uva.es/oai/request</request><GetRecord><record><header><identifier>oai:uvadoc.uva.es:10324/1993</identifier><datestamp>2021-06-29T09:27:52Z</datestamp><setSpec>com_10324_38</setSpec><setSpec>col_10324_852</setSpec></header><metadata><record xmlns="http://www.loc.gov/MARC21/slim" xmlns:doc="http://www.lyncode.com/xoai" xmlns:xsi="http://www.w3.org/2001/XMLSchema-instance" xmlns:dcterms="http://purl.org/dc/terms/" xsi:schemaLocation="http://www.loc.gov/MARC21/slim http://www.loc.gov/standards/marcxml/schema/MARC21slim.xsd">
<leader>00925njm 22002777a 4500</leader>
<datafield tag="042" ind1=" " ind2=" ">
<subfield code="a">dc</subfield>
</datafield>
<datafield tag="720" ind1=" " ind2=" ">
<subfield code="a">García del Pozo, Rocío Mirella</subfield>
<subfield code="e">author</subfield>
</datafield>
<datafield tag="260" ind1=" " ind2=" ">
<subfield code="c">2012</subfield>
</datafield>
<datafield tag="520" ind1=" " ind2=" ">
<subfield code="a">Por medio de la realización de este trabajo se pretende llegar a conocer un poco más&#xd;
acerca de uno de los aspectos más importantes en el desarrollo y aprendizaje de los niños en la&#xd;
etapa de infantil, el juego.&#xd;
Conoceremos la importancia que tiene el juego tanto a nivel curricular como a nivel&#xd;
docente.&#xd;
Analizaremos el sentido que tiene el juego desarrollado por las grandes teorías de los&#xd;
psicólogos, primero los clásicos y luego los modernos, además de incluir una síntesis sobre las&#xd;
dimensiones que subyacen en el conjunto de las teorías sobre la actividad lúdica.&#xd;
Comentaremos las aplicaciones del juego en la práctica educativa y en especial en&#xd;
Conocimiento del Entorno, teniendo en cuenta los principales criterios de intervención y los&#xd;
efectos del juego sobre los procesos mentales.&#xd;
Finalizaremos con una propuesta de intervención en el aula utilizando una metodología&#xd;
completamente lúdica para abordar un centro de interés: “el paisaje”. A partir del análisis de su&#xd;
puesta en práctica pretendemos valorar:&#xd;
- por un lado, los beneficios que aporta el juego para el tratamiento de los diferentes&#xd;
contenidos que conforman el currículo de la etapa infantil y especialmente los que&#xd;
tienen que ver con el Área de Conocimiento del entorno;&#xd;
- y por otro lado el grado de éxito que proporciona esta metodología lúdica en el proceso&#xd;
de adquisición de aprendizajes por parte del alumno.</subfield>
</datafield>
<datafield tag="024" ind2=" " ind1="8">
<subfield code="a">http://uvadoc.uva.es/handle/10324/1993</subfield>
</datafield>
<datafield ind1=" " ind2=" " tag="653">
<subfield code="a">Juego - Aspectos educativos</subfield>
</datafield>
<datafield ind1=" " ind2=" " tag="653">
<subfield code="a">Diseño curricular - Educación Preescolar</subfield>
</datafield>
<datafield tag="245" ind1="0" ind2="0">
<subfield code="a">El juego para abordar el paisaje y sus cambios en Educación Infantil: MIRA CÓMO CAMBIO</subfield>
</datafield>
</record></metadata></record></GetRecord></OAI-PMH>